London Buses - Statistics

General Stats
  • This quiz has been taken 944 times
    438 since last reset
  • The average score is 132 of 501
Answer Stats
% Correct
K5 Ham
78%
1 199 225 C10 Canada Water
76%
3 6 13 26 38 4452 170 185 390 C1 C10 Victoria
73%
11 77 139 243 341BL1 Waterloo
70%
381 Waterloo, County Hall
70%
76 Waterloo, Lower Marsh
70%
86 104 158 238257 262 473 D8 Stratford
68%
7 12 22 55 73159 Oxford Circus
66%
42 Shoreditch
64%
18 30 68 253 Euston
61%
63 259 476 King's Cross
61%
21 108 129 380 436BL1 Lewisham Shopping Centre
61%
75 89 178 181 185208 261 284 484 P4 Lewisham Station
61%
273 Lewisham Tesco
61%
17 43 141 149 388 London Bridge
61%
2 453 Marylebone
61%
1 24 Hampstead Heath
60%
25 123 147 167179 364 425 462 W19 Ilford
60%
35 39 49 219 295337 344 C3 Clapham Junction
59%
50 75 109 197 405412 433 SL5 Croydon Town Centre
59%
19 106 153 210236 W3 W7 Finsbury Park Station
58%
9 110 211 218 267533 H91 Hammersmith
58%
20 34 55 58 69215 257 W11 SL1 SL2 Walthamstow Central
58%
3 122 157 202 227 322 358 363 410 417 Crystal Palace
57%
153 344 Liverpool Street
57%
154 166 194 250264 367 403 450 SL6 SL7 West Croydon
57%
57 65 71 85 111131 213 216 285 371 406 411 418 465 481 K1 Kingston
56%
8 176 188 Tottenham Court Road
56%
29 67 123 230 243 Wood Green
56%
109 250 355 432 P4 Brixton
55%
37 177 197 345 381 Peckham
55%
15 29 91 Trafalgar Square
55%
4 17 41 143 234390 C11 W5 Archway
53%
169 238 287 Barking
53%
5 69 147 300 309323 Canning Town
53%
136 155 171 196333 360 363 468 P5 Elephant & Castle
53%
16 46 Paddington
53%
190 337 419 493 Richmond
53%
105 111 278 285A10 U3 SL7 SL9 Heathrow Central
52%
44 77 Tooting Station
52%
31 49 148 207 237260 316 C1 SL8 White City
52%
65 112 226 297 E1E7 E8 E9 E10 Ealing Broadway
51%
115 242 254 Aldgate
50%
102 142 143 182186 189 210 266 326 C11 Brent Cross
50%
324 Brent Cross Tesco
50%
83 139 183 226240 245 260 268 310 328 H2 H3 Golders Green
50%
113 137 189 205 Marble Arch
50%
14 SL6 Russell Square
50%
51 54 96 99 178301 386 Woolwich
50%
58 115 East Ham, Central Park
49%
300 East Ham Station
49%
340 395 483 H11H17 H18 H19 SL9 SL10 Harrow Bus Station
49%
13 112 134 460 SL1 SL10 North Finchley
49%
9 23 87 172 Aldwych
48%
132 161 180 188335 422 486 SL11 North Greenwich
48%
2 68 315 West Norwood
48%
31 Camden Town
47%
32 79 107 113 204221 240 251 303 340 384 Edgware
47%
45 154 157 163201 293 413 K5 Morden
47%
35 47 78 Shoreditch
47%
18 Sudbury
47%
41 76 192 Tottenham Hale
47%
W4 Tottenham Hale, Ferry Lane
47%
156 163 164 219 Wimbledon
47%
4 Blackfriars Station
46%
88 249 322 417 Clapham Common
46%
24 Pimlico
46%
222 331 427 A10U2 U3 U4 U5 U7 U9 U10 SL8 Uxbridge
46%
8 205 Bow Church
45%
SL4 Canary Wharf
45%
39 85 93 265 270378 Putney Bridge
45%
47 171 199 Bellingham, Catford Bus Garage
44%
11 Fulham Broadway
44%
21 254 Holloway, Nags Head
44%
12 40 Dulwich Library
43%
7 72 East Acton
43%
26 30 236 Hackney Wick
43%
241 Hackney Wick, Here East
43%
66 145 339 W16 Leytonstone
43%
94 Piccadilly Circus
43%
14 37 424 Putney Heath
43%
28 87 220 485 Wandsworth
43%
45 148 484 Camberwell Green
42%
192 317 329 Enfield Town
42%
286 Greenwich, Cutty Sark
42%
350 423 482 490 Heathrow Terminal 5
42%
98 133 Holborn
42%
274 394 Islington Angel
42%
36 321 343 P13 New Cross Gate
42%
70 345 430 South Kensington
42%
407 S4 Sutton Town Centre
42%
121 184 217 221231 232 329 444 Turnpike Lane Station
42%
38 308 393 Clapton Pond
41%
156 452 Vauxhall
41%
99 132 269 301401 422 486 B11 B13 B14 B15 B16 Bexleyheath Shopping Centre
40%
135 277 D6 D8 Crossharbour
40%
102 144 149 191259 W6 Edmonton Green
40%
54 289 Elmers End
40%
196 312 Norwood Junction
40%
51 358 B14 R3 R5R8 R9 R10 Orpington Station
40%
6 52 98 297 460 Willesden Bus Garage
40%
211 Battersea Power Station
39%
323 D7 Mile End
39%
53 Plumstead Station
39%
127 131 333 Tooting Broadway
39%
176 354 Penge
38%
419 Roehampton, Bessborough Road
38%
170 430 Roehampton, Danebury Avenue
38%
61 119 138 146227 246 269 352 354 367 SL3 SL5 Bromley North
37%
67 277 488 Dalston Junction
37%
135 Old Street, Provost Street
37%
127 289 359 412 Purley
37%
5 248 370 Romford Market
37%
114 278 331 398E7 U1 Ruislip
37%
177 229 401 SL3 Thamesmead
37%
106 Whitechapel
37%
220 487 Willesden Junction
37%
43 Friern Barnet
36%
136 181 SL4 Grove Park
36%
28 302 Kensal Rise
36%
50 Stockwell
36%
73 276 Stoke Newington
36%
74 Baker Street Station
35%
19 Battersea Bridge
35%
101 104 173 366 376 Beckton Bus Station
35%
27 393 Chalk Farm
35%
20 397 Debden
35%
53 Lambeth North
35%
200 270 355 Mitcham
35%
64 130 314 464 New Addington
35%
36 Queen's Park
35%
66 86 128 247 296375 Romford Station
35%
46 56 59 St Bartholomew's Hospital
35%
108 Stratford International
35%
101 308 Wanstead
35%
96 428 492 Bluewater
34%
97 179 212 313379 385 444 Chingford Station
34%
25 City Thameslink Station
34%
299 384 Cockfosters
34%
453 Deptford Bridge
34%
81 110 116 120203 222 281 423 H32 H98 Hounslow Bus Station
34%
100 339 Shadwell
34%
100 St Paul's
34%
56 357 W14 Whipps Cross
34%
244 SL11 Abbey Wood
33%
83 224 245 Alperton Sainsbury's
33%
202 Blackheath, Royal Standard
33%
97 388 Stratford City Bus Station
33%
91 Crouch End
32%
22 Putney Common
32%
81 Slough Bus Station
32%
468 South Croydon, South End
32%
142 258 Watford Junction
32%
206 Wembley Park, The Paddocks
32%
15 Blackwall
31%
328 Chelsea, World's End
31%
125 Colindale Station
31%
292 Colindale Superstores
31%
63 Honor Oak
31%
144 299 Muswell Hill
31%
W7 Muswell Hill Broadway
31%
D7 Poplar, All Saints
31%
95 272 Shepherd's Bush
31%
251 298 Arnos Grove
30%
61 R7 Chislehurst
30%
161 Chislehurst War Memorial
30%
57 59 Clapham Park
30%
406 418 467 S2 Epsom
30%
253 Hackney Central
30%
114 302 Mill Hill Broadway
30%
214 Moorgate, Finsbury Square
30%
218 North Acton
30%
90 120 Northolt Station
30%
160 492 Sidcup Station
30%
137 319 Streatham Hill, Telford Avenue
30%
60 133 159 P13 Streatham Station
30%
309 D3 Bethnal Green, Bonner Road
29%
140 U5 Hayes and Harlington Station
29%
32 206 Kilburn Park
29%
165 287 Rainham, Abbey Wood Lane
29%
103 Rainham Station
29%
117 203 216 290 Staines
29%
155 264 280 493 Tooting, St George's Hospital
29%
23 Westbourne Park
29%
126 Bromley South
28%
180 Erith, Fraser Road
28%
167 W14 Loughton
28%
304 474 Manor Park
28%
64 Thornton Heath Pond
28%
166 Banstead
27%
160 320 336 Catford Bridge
27%
71 Chessington
27%
158 W16 Chingford Mount
27%
42 East Dulwich Sainsbury's
27%
428 469 B12 Erith
27%
201 Herne Hill
27%
194 352 450 Lower Sydenham
27%
341 Northumberland Park, Angel Road Superstores
27%
473 SL2 North Woolwich
27%
78 Nunhead
27%
60 Old Coulsdon
27%
258 487 H12 South Harrow
27%
H12 Stanmore Station
27%
151 410 Wallington
27%
134 Warren Street
27%
223 H17 Wembley Central
27%
33 209 485 533 Castelnau
26%
C3 Earl's Court Tesco
26%
129 Gallions Reach, Great Eastern Quay
26%
262 Gallions Reach Shopping Park
26%
215 Lee Valley Campsite
26%
W8 Lee Valley Leisure Complex
26%
452 Notting Hill Gate
26%
415 Tulse Hill Station
26%
255 Balham
25%
34 Barnet Church
25%
436 Battersea Park Station
25%
80 Belmont, Downview and High Down Prisons
25%
16 Brent Park Superstores
25%
267 Fulwell
25%
33 Fulwell, Stanley Road
25%
186 H9 H10 H13 H14 Northwick Park Hospital
25%
183 Pinner
25%
74 Putney High Street
25%
382 W6 W9 Southgate
25%
310 318 349 Stamford Hill
25%
190 West Brompton
25%
94 Acton Green
24%
249 432 Anerley Station
24%
S1 Banstead
24%
247 275 Barkingside
24%
234 326 383 389 399 Barnet, The Spires
24%
162 Beckenham Junction
24%
280 S3 Belmont
24%
R8 Biggin Hill
24%
187 268 Finchley Road, O2 Centre
24%
321 Foots Cray Tesco
24%
27 Hammersmith Grove
24%
140 Harrow Weald
24%
182 Harrow Weald, Oxhey Lane
24%
242 394 Homerton Hospital
24%
H91 Hounslow West
24%
295 Ladbroke Grove Sainsbury's
24%
274 Lancaster Gate
24%
279 Manor House
24%
107 New Barnet
24%
152 New Malden, Fountain Roundabout
24%
K1 New Malden Station
24%
476 W3 Northumberland Park
24%
88 Parliament Hill Fields
24%
89 Slade Green
24%
79 Stonebridge Park
24%
224 232 St Raphael's
24%
92 St Raphael's North
24%
290 Twickenham
24%
263 307 Barnet Hospital
23%
90 Feltham, Leisure West
23%
H26 Feltham, Sparrow Farm
23%
72 Hammersmith Bridge
23%
225 Hither Green
23%
93 North Cheam
23%
298 313 Potters Bar
23%
366 Redbridge, Falmouth Gardens
23%
130 Thornton Heath, Parchmore Road
23%
265 281 Tolworth
23%
EL1 EL3 Barking Riverside
22%
172 P12 Brockley Rise
22%
488 Bromley-by-Bow Tesco
22%
H3 East Finchley, Hill Top
22%
162 233 314 Eltham Station
22%
105 E6 Greenford Station
22%
214 Highgate Village
22%
117 481 H22 Isleworth, West Middlesex Hospital
22%
415 Old Kent Road Tesco
22%
122 Plumstead Bus Garage
22%
119 Purley Way, Colonnades
22%
244 291 469 Queen Elizabeth Hospital
22%
360 Royal Albert Hall
22%
319 Sloane Square
22%
95 482 H32 Southall Town Hall
22%
343 Tower Gateway
22%
439 S4 Waddon Marsh
22%
217 279 317 327 491 Waltham Cross
22%
70 Chiswick Business Park
21%
40 Clerkenwell Green
21%
304 Custom House
21%
92 282 Ealing Hospital
21%
318 456 491 North Middlesex Hospital
21%
E5 Perivale Tesco
21%
359 433 466 Addington Village
20%
380 Belmarsh
20%
292 Borehamwood, Rossington Avenue
20%
191 307 Brimsdown
20%
187 228 Central Middlesex Hospital
20%
364 Dagenham East
20%
465 Dorking
20%
207 Hayes By-Pass
20%
252 372 Hornchurch Town Centre
20%
R68 Kew Retail Park
20%
173 362 King George Hospital
20%
209 378 Mortlake
20%
141 Palmers Green, North Circular Road
20%
229 286 R11 Queen Mary's Hospital
20%
405 Redhill
20%
241 Silvertown, Royal Wharf
20%
P12 Surrey Quays
20%
198 Thornton Heath High Street
20%
212 275 Walthamstow, St James Street
20%
151 Worcester Park
20%
116 Ashford Hospital
19%
407 434 Caterham
19%
124 Catford, St Dunstan's College
19%
103 Chase Cross
19%
470 Colliers Wood
19%
E1 E2 E3 E11 Greenford Broadway
19%
W5 Harringay Superstores
19%
H25 H26 Hatton Cross
19%
335 B16 Kidbrooke
19%
370 372 Lakeside
19%
382 Mill Hill East, Millbrook Park
19%
200 Raynes Park
19%
230 Upper Walthamstow
19%
237 Hounslow Heath
18%
152 255 463 Pollards Hill
18%
490 Richmond, Pools on the Park
18%
204 Sudbury Town Station
18%
316 Brent Cross West
17%
498 Brentwood
17%
146 Downe
17%
126 Eltham High Street
17%
467 | K2 Hook
17%
303 Kingsbury Circle
17%
D3 Leamouth
17%
336 Locksbottom
17%
261 R3 R4 Locksbottom, Princess Royal Hospital
17%
62 Marks Gate
17%
273 Petts Wood
17%
356 Shirley
17%
198 Shrublands
17%
233 Swanley
17%
246 Westerham
17%
D6 Ash Grove
16%
150 EL2 Becontree Heath
16%
320 R2 Biggin Hill Valley
16%
386 Blackheath Village
16%
121 Enfield Island Village
16%
80 Hackbridge, Reynolds Close
16%
R70 Hampton, The Avenue
16%
499 Heath Park Estate
16%
K2 K4 Kingston Hospital
16%
276 Newham Hospital
16%
377 Oakwood
16%
208 Orpington, Perry Hall Road
16%
288 Queensbury Morrisons
16%
235 Sunbury Village
16%
403 Warlingham
16%
266 Acton High Street
15%
357 Chingford Hatch
15%
324 Elstree, Centennial Park
15%
K3 Esher
15%
174 346 Harold Hill, Dagnam Park Square
15%
235 North Brentford Quarter
15%
349 377 Ponders End Bus Garage
15%
440 Turnham Green Church
15%
306 Acton Vale
14%
195 Brentford County Court
14%
404 466 Caterham-on-the-Hill
14%
128 Claybury Broadway
14%
124 Eltham, Southend Crescent
14%
231 Enfield Chase
14%
293 Epsom Hospital
14%
H98 Hayes End
14%
325 Prince Regent
14%
213 413 Sutton, Bushey Road
14%
164 470 Sutton Station
14%
464 Tatsfield
14%
356 Upper Sydenham
14%
330 Wanstead Park Station
14%
U1 West Drayton
14%
125 Winchmore Hill
14%
368 Chadwell Heath
13%
456 Crews Hill
13%
145 Dagenham Asda
13%
353 Forestdale
13%
R5 R10 Knockholt
13%
B13 New Eltham
13%
H28 Osterley Tesco
13%
P5 Patmore Estate
13%
G1 Streatham, Green Lane
13%
E6 H28 Bull's Bridge
12%
150 Chigwell Row
12%
138 Coney Hall
12%
EL2 Dagenham Dock
12%
R1 R11 Green Street Green
12%
284 Grove Park Cemetery
12%
H14 Hatch End
12%
350 Hayes Asda
12%
263 Highbury Barn
12%
E8 H22 Hounslow, Bell Corner
12%
228 Maida Hill, The Chippenham
12%
312 Purley, Old Lodge Lane
12%
353 R9 Ramsden Estate
12%
371 H37 R70 Richmond, Manor Circus
12%
K3 Roehampton Vale
12%
193 496 498 Romford, Queen's Hospital
12%
H13 Ruislip Lido
12%
483 Windmill Park
12%
62 Barking, Gascoigne Estate
11%
184 Barnet, Chesterfield Road
11%
389 Barnet, Western Way
11%
B11 B16 Bexleyheath Bus Garage
11%
195 Charville Lane Estate
11%
425 Clapton, Nightingale Road
11%
169 Clayhall, The Glade
11%
463 Coulsdon South
11%
248 Cranham
11%
385 397 Crooked Billet Sainsbury's
11%
325 East Beckton Sainsbury's
11%
424 Fulham, Craven Cottage
11%
306 Fulham, Sands End
11%
362 Grange Hill
11%
399 Hadley Wood Station
11%
R68 Hampton Court
11%
H25 Hanworth, Butts Farm
11%
496 Harold Wood
11%
296 396 Ilford Broadway
11%
256 294 Noak Hill
11%
H13 Northwood Hills, St Vincent's
11%
375 Passingford Bridge
11%
330 Pontoon Dock
11%
S2 St Helier Station
11%
440 Wembley, First Way
11%
291 Woodlands Estate
11%
E2 Brentford, Commerce Road
10%
W8 W9 Chase Farm Hospital
10%
252 Collier Row
10%
174 Dagenham, Marsh Way
10%
W15 Hackney Town Hall
10%
H37 Hounslow, Blenheim Centre
10%
282 H11 Mount Vernon Hospital
10%
427 Southall, Merrick Road
10%
411 West Molesey
10%
W12 Woodford Bridge
10%
G1 Battersea, Shaftesbury Estate
9%
288 Broadfields Estate
9%
U2 Brunel University
9%
474 Canning Town, Barking Road
9%
R7 Chelsfield Village
9%
272 Chiswick, Grove Park
9%
175 Dagenham, New Road
9%
223 Harrow View, Eastman Village
9%
U4 Hayes, Prologis Park
9%
W15 Higham Hill, Cogan Avenue
9%
B15 Horn Park
9%
B12 Joydens Wood
9%
R1 St Paul's Cray
9%
439 Whyteleafe South
9%
E9 Yeading, Barnhill Estate
9%
383 Finchley Memorial Hospital
8%
395 Greenford, Westway Cross
8%
U7 Hayes Sainsbury's
8%
175 Hillrise Estate
8%
H20 Hounslow Civic Centre
8%
EL1 Ilford Station
8%
H20 Ivybridge Tesco
8%
K4 Mansfield Park
8%
E10 Northolt, Islip Manor
8%
W4 Oakthorpe Park
8%
365 Orchard Village
8%
B11 South Thamesmead, Yarnton Way
8%
W12 Walthamstow, Coppermill Lane
8%
398 Wood End
8%
W13 Woodford Wells
8%
368 Barking, Harts Lane
7%
W11 Chingford Hall Estate
7%
E3 Chiswick, Edensor Road
7%
193 County Park Estate
7%
376 East Ham, Newham Town Hall
7%
499 Gallows Corner Tesco
7%
EL3 Little Heath
7%
S3 Malden Manor
7%
165 Romford, The Brewery
7%
404 Coulsdon, Cane Hill
6%
E11 Ealing, Warwick Dene
6%
327 Elsinge Estate
6%
U9 Harefield Hospital
6%
294 365 Havering Park
6%
S1 Lavender Fields
6%
W13 Leyton Mills Retail Park
6%
462 Limes Farm Estate
6%
R2 Orpington, Walnuts Centre
6%
E5 Southall, Toplocks Estate
6%
315 Springfield Hospital
6%
346 Upminster Park Estate
6%
W19 Walthamstow, Argall Avenue
6%
379 Yardley Lane
5%
434 Coulsdon, Ridgemount Avenue
4%
256 Hornchurch, St George's Park
4%
R4 Pauls Cray Hill
4%
U10 Ruislip, Heathfield Rise
3%
No matching quizzes found
Score Distribution
Percent of People with Each Score
Percentile by Number Answered
Your Score History
You have not taken this quiz since the last reset